| 000 | 00541cam a22002171a 4500 | ||
|---|---|---|---|
| 001 | sa 65009882 | ||
| 003 | DLC | ||
| 005 | 20260227112205.0 | ||
| 008 | 950414s1964 io 000 1 ind | ||
| 010 | _asa 65009882 | ||
| 025 | _aPL480:Indo-2364 | ||
| 035 | _a(OCoLC)32306136 | ||
| 040 |
_aDLC _cWU _dDLC |
||
| 042 | _apremarc | ||
| 050 | 0 | 0 |
_aPL5089.T25 _bM3 1964 |
| 100 | 1 | _aTadaus, Dhalika. | |
| 245 | 1 | 0 |
_aMajat hidup : _bkisah detektip. |
| 250 | _a[Tjet. 2.] | ||
| 260 |
_aMedan : _bRealisa, _c[1964] |
||
| 300 |
_a48 p. ; _c18 cm. |
||
| 999 |
_c66492 _d66492 |
||